| 000 | 01353nam a2200325 a 4500 | ||
|---|---|---|---|
| 001 | ebr10133028 | ||
| 003 | CaPaEBR | ||
| 006 | m u | ||
| 007 | cr cn||||||||| | ||
| 008 | 060301s2006 enka sb 001 0 eng | ||
| 010 | _z 2006295549 | ||
| 020 | _z1845110110 (Hb) | ||
| 020 | _z1845110129 (pbk.) | ||
| 040 |
_aCaPaEBR _cCaPaEBR |
||
| 035 | _a(OCoLC)67528670 | ||
| 050 | 1 | 4 |
_aBL1283.847 _b.F56 2006eb |
| 082 | 0 | 4 |
_a294.5/514 _222 |
| 100 | 1 |
_aFlood, Gavin D., _d1954- |
|
| 245 | 1 | 4 |
_aThe tantric body _h[electronic resource] : _bthe secret tradition of Hindu religion / _cGavin Flood. |
| 260 |
_aLondon ; _aNew York : _bI.B. Tauris ; _aNew York : _bDistributed in the U.S. by Palgrave Macmillan, _c2006. |
||
| 300 |
_axi, 244 p. : _bill. |
||
| 504 | _aIncludes bibliographical references (p. [235]) and index. | ||
| 533 |
_aElectronic reproduction. _bPalo Alto, Calif. : _cebrary, _d2013. _nAvailable via World Wide Web. _nAccess may be limited to ebrary affiliated libraries. |
||
| 650 | 0 |
_aTantrism _xDoctrines. |
|
| 650 | 0 |
_aHuman body _xReligious aspects _xTantrism. |
|
| 650 | 0 |
_aTantrism _xRituals _xTexts _xHistory and criticism. |
|
| 655 | 7 |
_aElectronic books. _2local |
|
| 710 | 2 | _aebrary, Inc. | |
| 856 | 4 | 0 |
_uhttp://site.ebrary.com/lib/rucke/Doc?id=10133028 _zAn electronic book accessible through the World Wide Web; click to view |
| 999 |
_c79618 _d79618 |
||